| 000 | 00492nam a2200181Ia 4500 | ||
|---|---|---|---|
| 005 | 20250326123808.0 | ||
| 008 | 250326s9999 xx 000 0 und d | ||
| 037 | _aTextbook | ||
| 040 |
_aFMSL _beng _cFMSL |
||
| 041 |
_aeng _2eng |
||
| 084 |
_aS:5 K4 _qFMSL |
||
| 100 |
_aPareek U N _9736126 |
||
| 245 | 0 |
_aDevelopmental patterns in reactions to frustration _cPareek U N |
|
| 260 |
_aNY _bNY, Asia _c1964 |
||
| 300 | _a177p | ||
| 942 |
_cTB _hS:5 K4 |
||
| 999 |
_c1270993 _d1270993 |
||